| 000 | 00620nam a2200181 a 4500 | ||
|---|---|---|---|
| 001 | 000040885 | ||
| 005 | 20201002034442.0 | ||
| 008 | 130910s2011 pr a 000 0 spa d | ||
| 020 | _a9780865816473 | ||
| 040 |
_aDO-SdBNP _bspa _cBNPHU |
||
| 082 |
_axxxx _bxxxx |
||
| 100 | 1 |
_aRamos Otero, Manuel, _d1948-1990 _967315 |
|
| 245 | 1 | 3 |
_aLa novelabingo / _cManuel Ramos Otero. |
| 260 |
_aPuerto Rico, : _bInstituto de cultura puertorriqueña, _c2011. |
||
| 300 |
_a151 p. : _bil. ; _c21 cm. |
||
| 500 | _aIncluye datos biográficos en las solapas | ||
| 504 | _aIncluye referencias bibliográficas y notas al pie de las páginas | ||
| 999 |
_c40375 _d40375 |
||